Identifikácia prchavých organických zlúčenín v ovocných destilátoch

Enregistré dans:
Détails bibliographiques
Auteur principal: Krajčíková, Andrea
Format: Logiciel Livre
Langue:slovaque
Publié: Bratislava STU FCHPT 2010
Accès en ligne:Voir à l'OPAC
Tags: Ajouter un tag
Pas de tags, Soyez le premier à ajouter un tag!

MARC

LEADER 00000nam a2200000 a 4500
005 20260127134010.0
007 co ugu
008 100928 2010 xo 000 0 slo d
035 |a vtls010172739 
039 9 |y 201009280957  |z mschk03 
040 |a STUSCHK1  |b slo  |c STUSCHK1  |e AACR2 
100 1 |a Krajčíková, Andrea 
245 1 |a Identifikácia prchavých organických zlúčenín v ovocných destilátoch  |c Andrea Krajčírová 
260 |a Bratislava  |b STU FCHPT  |c 2010 
300 |a 1 elektronický disk 
500 |a Obháj.: 12.7. 2010 
500 |a Študijný program: chemické technológie 
500 |a Študijný odbor: 5.2.18 chemické technológie 
500 |a Bakalárska práca na CD-ROMe 
500 |a FCHPT, Oddelenie analytickej chémie 
500 |a Evidenčné číslo: 5438-50892 
910 |a SCHK95 
999 |c 1793  |d 1793